Anakku

Bibliographic Details
Main Author: Munirah Abdul Ghani
Format: Book
Published: Kuala Lumpur : Al-Hidayah , 2000
Subjects:

MARC

LEADER 00000cam a2200000 7i4500
001 0000013019
005 20090819.0
008 080107
020 |a 9830991032 
090 0 0 |a 618.24   |b MUN 
100 0 |a Munirah Abdul Ghani 
245 1 0 |a Anakku   |c Munirah Abdul Ghani 
260 |a Kuala Lumpur :   |b Al-Hidayah ,   |c 2000 
650 0 |a Childbirth 
650 0 |a Parenting   |x Religious aspects   |x Islam 
650 0 |a Pregnancy   |x Religious aspect   |x Islam 
999 |a 0000934077   |b Book   |c Adult Collection   |e Cawangan Tangkak 
999 |a 0001009297   |b Book   |c Adult Collection   |e Perbadanan Perpustakaan Awam Johor 
999 |a 0001009298   |b Book   |c Adult Collection   |e Perbadanan Perpustakaan Awam Johor 
999 |a 0001009299   |b Book   |c Adult Collection   |e Perbadanan Perpustakaan Awam Johor